Normal view
MARC view
- BHAVYA FRANCIS
Entry Personal Name
001 - CONTROL NUMBER
- control field: 3844
003 - CONTROL NUMBER IDENTIFIER
- control field: OSt
005 - DATE AND TIME OF LATEST TRANSACTION
- control field: 20181102140619.0
008 - FIXED-LENGTH DATA ELEMENTS
- fixed length control field: 181102|| aca||aabn | a|a d
040 ## - CATALOGING SOURCE
- Original cataloging agency: OSt
- Transcribing agency: OSt
100 ## - HEADING--PERSONAL NAME
- Personal name: BHAVYA FRANCIS
670 ## - SOURCE DATA FOUND
- Source citation: Work cat.: (OSt)15129: BHAVYA FRANCIS, Optimization of process parameters for cryogenic grinding of dried ginger
